Scrambled “J” Words - Statistics

General Stats
  • This quiz has been taken 65 times
  • The average score is 20 of 30
Answer Stats
Hint Answer % Correct
tjkcea jacket
100%
jelwe jewel
96%
jlaeivn javelin
94%
mjbuo jumbo
94%
eyjsre jersey
92%
ejenvliu juvenile
88%
jagwsi jigsaw
87%
eejluib jubilee
87%
djxein jinxed
85%
kuxebjo jukebox
83%
ejulng jungle
83%
jtcapko jackpot
81%
setiujc justice
79%
oailjv jovial
73%
orujni junior
71%
newjboa jawbone
65%
slyoaeju jealousy
60%
lheslijyf jellyfish
58%
juryone journey
58%
rucidyiaj judiciary
56%
otijsetn jettison
54%
jcniuont junction
52%
ijkuen junkie
52%
iugtjertb jitterbug
46%
stkjoree jokester
37%
oulnijq jonquil
37%
ksctjpaor jockstrap
29%
drieorjy joyrider
29%
ndeadiucj jaundiced
23%
jearikbal jailbreak
19%
No matching quizzes found
Score Distribution
Percent of People with Each Score
Percentile by Number Answered
Your Score History
You have not taken this quiz